| 000 | 01271cam a22003494a 4500 | ||
|---|---|---|---|
| 001 | 4994032 | ||
| 005 | 20180205072307.0 | ||
| 008 | 990201s1999 meu b 001 0 eng | ||
| 010 | _a 99013742 | ||
| 020 | _a1567511635 | ||
| 020 | _a9781567511635 | ||
| 020 | _a1567511627 (pbk.) | ||
| 020 | _a9781567511628 (pbk.) | ||
| 035 | _a(OCoLC)ocm40776758 | ||
| 040 |
_aDLC _cDLC _dC#P _dAGL _dWAU _dOCLCQ _dBAKER _dBTCTA _dYDXCP _dOCLCQ _dDLC |
||
| 041 | _aeng | ||
| 042 | _apcc | ||
| 043 | _an-us--- | ||
| 070 | 0 |
_aRA1226 _b.F34 1999 |
|
| 072 | 0 | _aW000 | |
| 072 | 0 | _aX500 | |
| 072 | 0 | _aX700 | |
| 080 | _a615.9020973 FAG | ||
| 082 | 0 | 0 |
_a615.9020973 FAG _221 |
| 100 | 1 | _a19 | |
| 101 | _aPOL | ||
| 245 | 1 | 0 |
_aToxic deception : _cDan Fagin, Marianne Lavelle, and the Center for Public Integrity. |
| 504 | _aIncludes bibliographical references (p. [251-271]) and index. | ||
| 906 |
_a7 _bcbc _corignew _d1 _eocip _f19 _gy-gencatlg |
||
| 942 |
_2ddc _cBK |
||
| 999 |
_c41763 _d41763 |
||